Ako si poistiť majetok Pomôcka pre malých a stredných podnikateľov
Saved in:
| Main Author: | |
|---|---|
| Format: | Book |
| Language: | Slovak |
| Published: |
Bratislava
Slovenská obchodná a priemyselná komora
1994
|
| Edition: | 1. vyd. |
| Subjects: | |
| Tags: |
No Tags, Be the first to tag this record!
|
MARC
| LEADER | 00000nam a2200000 4500 | ||
|---|---|---|---|
| 001 | c012168 | ||
| 005 | 20221128072443.5 | ||
| 020 | |a 80-85588-32-3 | ||
| 041 | 0 | |a slo | |
| 044 | |a SK | ||
| 245 | 1 | 0 | |a Ako si poistiť majetok |b Pomôcka pre malých a stredných podnikateľov |c Alfréd Orosz |
| 250 | |a 1. vyd. | ||
| 264 | 1 | |a Bratislava |b Slovenská obchodná a priemyselná komora |c 1994 | |
| 300 | |a 45 s. | ||
| 610 | 2 | 0 | |a poistenie majetku |
| 610 | 2 | 0 | |a predpisy právne |
| 610 | 2 | 0 | |a poistenie zákonné |
| 610 | 2 | 0 | |a poistenie zmluvné |
| 610 | 2 | 0 | |a poistenie zodpovednosti za škody |
| 100 | 1 | |a Orosz, Alfréd | |